Score 0/10 Timer 05:00
0 Plays Today
Question Answer Wrong Answers
What is the tallest rollercoaster in the world? Kingda Ka - Six Flags Great Adventure
97%
Top Thrill Dragster - Cedar Point
0%
Xcelerator - Knotts Berry Farm
0%
Steel Dragon 2000 - Nagashima Spa Land
3%
What manufacturer is the SLC and Boomerang made by? Vekoma
92.4%
Arrow Dynamics
1.5%
B&M
1.5%
Morgan
3%
What rollercoaster did Steel Vengeance at Cedar Point replace? Mean Streak
89.4%
Blue Streak
3%
Hurler
0%
Leap the Dips
1.5%
When someone is planning a holiday, what's the first thing you ask? Will there be an amusement park nearby?
84.8%
Where are we staying?
3%
Any nearby beaches?
0%
Who's coming with us?
6.1%
How many rollercoasters has RMC built (as of 2019) 19
83.3%
800
0%
56
12.1%
3
1.5%
What type of launch system does DoDo-Donpa at Fuji-Q Highland use? Compressed Air
72.7%
LSM
9.1%
Flywheel Launch
1.5%
Hydraulic Launch
13.6%
Which continent is home to the most rollercoasters? Asia
71.2%
Europe
3%
North America
22.7%
Africa
0%
What park is home to the most inversions? Six Flags Magic Mountain
69.7%
Cedar Point
16.7%
Six Flags Great America
6.1%
Carowinds
3%
How many Intamin Prefabricated Rollercoasters have ever been built? 4
68.2%
3
9.1%
2
4.5%
32
12.1%
Time for some personal questions - be honest. How much coaster merchandise do you own? T-shirts of all major rides I've ridden, caps of every park, posters, EVERYTHING YOU CAN THINK OF ABOUT ROLLERCOASTERS I HAVE
37.9%
None
22.7%
Park maps, few T-shirts
25.8%
average amount - a few caps, good amount of T-shirts
7.6%

You're not logged in!

Compare scores with friends on all Sporcle quizzes.
OR
Log In

Sporcle TV

Today on Sporcle TV


Watch our educational content, quiz creation guides, and fun videos on Sporcle TV.

Show Comments

Extras

Top Quizzes Today


Score Distribution

Paid Content

Your Account Isn't Verified!

In order to create a playlist on Sporcle, you need to verify the email address you used during registration. Go to your Sporcle Settings to finish the process.

Report this User

Report this user for behavior that violates our Community Guidelines.

Details: